| 000 | 00331nam a22001097a 4500 | ||
|---|---|---|---|
| 040 | _cNUST | ||
| 082 |
_a005.7565 _bINT |
||
| 245 |
_aIntroduction to Oracle:SQL and PL/SQL : _bStudent Guide Production 1.1 Volume 1.2 |
||
| 260 |
_aLahore: _bOracle, _c1998. |
||
| 650 |
_aIntroduction to Oracle:SQL and PL/SQL _9125389 |
||
| 942 |
_2ddc _cBK |
||
| 999 |
_c611144 _d611144 |
||